00529 2200193 4500001002100000005001500021035002000036245007900056100001400135250000600149300002200155260003000177082001200207084001800219020002100237008004100258990001800299990001800317INLIS00000000000080020240424032348 a0010-04210001281 aSoal jawab Lengkap :bCetos Matematika SMA IPA kelas 10,11,12 /cMF Atsnan0 aAtsnan MF aI a152 ;c14 x 21 Cm aYogjakarta :bAndi,c2013 a510.076 a510.076 ATS s a978-979-29-21076240424 0  a17.01.0001044 a17.01.0001045